|
|
|
|
| LEADER |
00000nab a2200000 a 4500 |
| 001 |
vtls000578414 |
| 003 |
SK-MaSNL |
| 005 |
20260304092351.0 |
| 008 |
250425c1995 xo 0 slo |
| 015 |
|
|
|a SNBRB19rr/mm-uuuuu
|
| 035 |
|
|
|a CL0578552
|
| 035 |
|
|
|a urn:nbn:sk:snk-abbppy
|
| 035 |
|
|
|a (urnnbn)urn:nbn:sk:snk:ar-001hnd
|
| 035 |
|
|
|a (uuid)a8b721c7-2c29-4696-86f7-7f7846331d09
|
| 040 |
|
|
|a SNKBUCL
|b slo
|c SNKBUCL
|e AACR2
|
| 041 |
0 |
|
|a cze
|
| 044 |
|
|
|a xo
|c SK
|
| 080 |
|
|
|a 669.14.018.29:539.42:620.191.3:519.2
|2 1981
|
| 080 |
|
|
|a 539.42
|2 1981
|
| 080 |
|
|
|a 620.191.3
|2 1981
|
| 080 |
|
|
|a 519.2
|2 1981
|
| 100 |
1 |
|
|a Strnadel, Bohumír,
|d 1956-
|4 aut
|9 8259
|
| 245 |
1 |
0 |
|a Metody hodnocení lokalizovaných mezních stavů iniciace lomového porušení konstrukčních materiálů
|c Bohumír Strnadel, Karel Mazanec
|
| 300 |
|
|
|b Obr. 10, tab. 3, res. angl., čes., lit. 32 zázn. v angl., češ.
|
| 650 |
0 |
7 |
|a ocele konštrukčné
|2 snkbucl
|9 827258
|
| 650 |
0 |
7 |
|a porušenie lomové
|2 snkbucl
|9 1386068
|
| 655 |
|
7 |
|a články z novín a časopisov
|2 snkbucl
|9 267496
|
| 700 |
1 |
|
|a Mazanec, Karel,
|d 1925-2009
|4 aut
|9 212346
|
| 773 |
0 |
|
|t Kovové materiály
|g Roč. 33, č. 6 (1995), s. 395-410
|x 0023-432X
|
| 850 |
|
|
|a Slovenská národná knižnica
|
| 852 |
|
|
|a Slovenská národná knižnica
|
| 954 |
|
|
|a odborná, vedecká literatúra cudzojazyčná (svetová)
|2 lita
|
| 958 |
|
|
|a article15
|
| 958 |
|
|
|a NB
|
| 958 |
|
|
|a RK
|
| 958 |
|
|
|a CZ
|
| 958 |
|
|
|a OND
|
| 958 |
|
|
|a EUIPO
|
| 992 |
|
|
|a RBX
|
| 999 |
|
|
|c 2818871
|d 2820801
|